Dulces sorpresas : recetario de postres La Lechera Nestlé /

Guardat en:
Dades bibliogràfiques
Autor corporatiu: Nestlé
Format: Llibre
Idioma:espanyol
Publicat: México : Nestlé, 1983, c1983
Etiquetes: Afegir etiqueta
Sense etiquetes, Sigues el primer a etiquetar aquest registre!

MARC

LEADER 00000nam^a2200000^a^4500
001 000595942
005 20250521000000.0
009 20260310133057.521
037 |a Acervo ITESO - Biblioteca 
041 |a ESP 
091 |a FCR. 02111 
110 |a Nestlé 
245 1 0 |a Dulces sorpresas :  |b recetario de postres La Lechera Nestlé / 
264 4 |a México :  |b Nestlé,  |c 1983, c1983 
300 |a 144 p. 
336 |a texto  |b txt  |2 rdacontenido 
337 |a sin mediación  |b n  |2 rdamedio 
338 |a volumen  |b nc  |2 rdasoporte 
649 |a XX 
910 |a Fondo Cristina Romo Gil 
920 |a Impresos - Libros 
930 |a Fondos Especiales 
905 |a 143 
901 |a 595942-10  |b IT2  |c ESP  |i D123122  |u 20250521 
902 |a https://opac.biblio.iteso.mx/vufind/Record/000595942